000 00551cam a2200181 4500500
005 20260329004026.0
041 _afre
042 _adc
100 1 0 _aLacroix, Samuel
_eauthor
245 0 0 _aUne certaine inquiétude
260 _c2018.
500 _a83
690 _aCatherine Portevin
690 _aFrançois Bégaudeau
690 _aSean Rose
786 0 _nPhilosophie magazine | 116 | 2 | 2018-02-01 | p. 47-47 | 1951-1787
856 4 1 _uhttps://shs.cairn.info/magazine-philosophie-magazine-2018-2-page-47?lang=fr&redirect-ssocas=7080
999 _c1829889
_d1829890